| 000 | 00656cab a2200229 4500 | ||
|---|---|---|---|
| 001 | ABS56669 | ||
| 008 | 090401t1997 xxu||||| |||| 00| 0 eng d | ||
| 035 | _a(Sirsi) u77617 | ||
| 041 | _aeng | ||
| 100 | _aHuxtable, J | ||
| 245 | _aStudying the form | ||
| 260 | _c1997 | ||
| 350 | _a0 | ||
| 490 |
_aBuilding Procurement _vApril 1997, 10-11(2) |
||
| 520 | _aReviews Birse Construction`s subcontract looking at potentially hazardous clauses. | ||
| 650 | _aBIRSE`S CONSTRUCTION SUBCONTRACT | ||
| 650 | _aCONTRACT CONDITIONS | ||
| 650 | _aSUBCONTRACTS | ||
| 690 | _aBUILT ENVIRONMENT-BUILDING CONTRACT FORMS | ||
| 942 | _n0 | ||
| 948 | _c07/04/1997 | ||
| 999 |
_c48792 _d48792 |
||